| 000 | 00554nam a2200205 i 4500 | ||
|---|---|---|---|
| 001 | 82348 | ||
| 003 | ES-MaACL | ||
| 007 | t| | ||
| 008 | 041110s1985 sp ||||1| spa d | ||
| 020 | _a84-321-2262-9 | ||
| 100 | 1 |
_aIglesias Serna, Amalia _965138 |
|
| 245 | 1 | 3 |
_aUn lugar para el fuego / _cAmalia Iglesias Serna. |
| 250 | _a[1ª ed.]. | ||
| 260 |
_aMadrid : _bRialp, _c[1985] |
||
| 490 | 1 |
_aAdonais ; _v420 |
|
| 500 | _aIndice. | ||
| 830 | 0 | 0 |
_aAdonáis _v420 _9173743 |
| 852 |
_aES-MaACL _jJ-23-420 _bR.20352 |
||
| 999 |
_c82348 _d82348 |
||